<?xml version="1.0" encoding="UTF-8"?>
<record
    xmlns:xsi="http://www.w3.org/2001/XMLSchema-instance"
    xsi:schemaLocation="http://www.loc.gov/MARC21/slim http://www.loc.gov/standards/marcxml/schema/MARC21slim.xsd"
    xmlns="http://www.loc.gov/MARC21/slim">

  <leader>03788nam a2200337 a 4500</leader>
  <controlfield tag="003">OSt</controlfield>
  <controlfield tag="005">20250912090138.0</controlfield>
  <controlfield tag="007">cr ||||||a|a|a</controlfield>
  <controlfield tag="008">250815s2025    mx a|||fom||| 001 0 spa d</controlfield>
  <datafield tag="040" ind1=" " ind2=" ">
    <subfield code="e">rda</subfield>
  </datafield>
  <datafield tag="100" ind1="1" ind2=" ">
    <subfield code="a">Palma Su&#xE1;rez, Zaira Marlene</subfield>
    <subfield code="9">190948</subfield>
  </datafield>
  <datafield tag="245" ind1="1" ind2="0">
    <subfield code="a">Observaciones biologicas de la luci&#xE9;rnaga  Photinus extensus en el mirador Prismas Bas&#xE1;lticos Texcoco, Estado de M&#xE9;xico/</subfield>
    <subfield code="c">por Zaira Marlene Palma Su&#xE1;rez; director de tesis  Beatriz Cecilia Aguilar Vald&#xE9;z; secretario Sa&#xFA;l Ugalde Lezama; vocal  Jos&#xE9; Tulio M&#xE9;ndez Montiel; suplente Antonio Becerra Moreno; suplente Elizabeth Hern&#xE1;ndez Acosta.</subfield>
  </datafield>
  <datafield tag="264" ind1=" " ind2="1">
    <subfield code="a">Chapingo, M&#xE9;xico :</subfield>
    <subfield code="b">El autor,</subfield>
    <subfield code="c">2024.</subfield>
  </datafield>
  <datafield tag="300" ind1=" " ind2=" ">
    <subfield code="a">1 recurso en l&#xED;nea (93 p&#xE1;ginas):</subfield>
    <subfield code="b">cuadros, figuras.</subfield>
  </datafield>
  <datafield tag="336" ind1=" " ind2=" ">
    <subfield code="2">rdacontent</subfield>
    <subfield code="a">texto</subfield>
    <subfield code="b">txt</subfield>
  </datafield>
  <datafield tag="337" ind1=" " ind2=" ">
    <subfield code="2">rdamedia</subfield>
    <subfield code="a">computadora</subfield>
    <subfield code="b">c</subfield>
  </datafield>
  <datafield tag="338" ind1=" " ind2=" ">
    <subfield code="2">rdacarrier</subfield>
    <subfield code="a">recurso en l&#xED;nea</subfield>
    <subfield code="b">cr</subfield>
  </datafield>
  <datafield tag="502" ind1=" " ind2=" ">
    <subfield code="b">IRNR</subfield>
    <subfield code="c">Suelos</subfield>
    <subfield code="d">2024.</subfield>
    <subfield code="g">LIC</subfield>
  </datafield>
  <datafield tag="504" ind1=" " ind2=" ">
    <subfield code="a">Incluye referencias bibliogr&#xE1;ficas: 69-78 p&#xE1;ginas.</subfield>
  </datafield>
  <datafield tag="520" ind1=" " ind2=" ">
    <subfield code="a">La luci&#xE9;rnaga Photinus extensus es una especie end&#xE9;mica de M&#xE9;xico que representa una parte de la gran diversidad existente de estos cole&#xF3;pteros. Su historia de vida concibe una serie de factores propicios para el desarrollo de diferentes especies, tal como es el caso del Mirador Prismas Bas&#xE1;lticos Texcoco, lugar en el que se generan microclimas que hacen posible el resguardo de estas especies, as&#xED; como de la mariposa monarca (Danaus plexippus). La presente investigaci&#xF3;n se centra en mostrar observaciones biol&#xF3;gicas, principalmente en los estados inmaduros y de adultez de P. extensus en el Mirador Prismas Bas&#xE1;lticos Texcoco, analizando su poblaci&#xF3;n, as&#xED; como elementos diversos: morfolog&#xED;a, morfometr&#xED;a, etolog&#xED;a y condiciones ambientales &#xF3;ptimas. La metodolog&#xED;a utilizada corresponde a un dise&#xF1;o de muestreo aleatorio en el a&#xF1;o 2022 de acuerdo con puntos de apareamiento y oviposici&#xF3;n identificados en el a&#xF1;o 2021 en el &#xE1;rea de estudio. Se extrajeron muestras de suelo de las cuales se realizaron cuatro submuestras con el fin de localizar larvas de P. extensus y conocer su densidad. Asimismo, se utiliz&#xF3; revisi&#xF3;n bibliogr&#xE1;fica, recorridos en campo, cartograf&#xED;a y SIG. Adem&#xE1;s, se obtuvieron las medidas de tendencia central y medidas de dispersi&#xF3;n que nos permiten guiarnos en la obtenci&#xF3;n de informaci&#xF3;n y en la toma de decisiones de la poblaci&#xF3;n. La informaci&#xF3;n obtenida se sistematiz&#xF3; en cada cap&#xED;tulo que integran la presente tesis, obteniendo una densidad poblacional de larvas de 4.1 ind/m2, asimismo, el mayor n&#xFA;mero de larvas encontradas se ubic&#xF3; en el I y II estad&#xED;o larval de acuerdo con el estudio de Zurita, 2022. El individuo m&#xE1;s grande tuvo una longitud de 14. 85 mm. que nos indica se ubicaba en el &#xFA;ltimo &#xED;nstar. Los individuos de estados m&#xE1;s peque&#xF1;os se encontraron a una profundidad de 15 a 20 cm. De estados m&#xE1;s desarrollados se ubicaron por debajo de la superficie. Estas observaciones y mediciones permiten evaluar f&#xE1;cilmente las poblaciones y proporciona informaci&#xF3;n para el dise&#xF1;o de planes de manejo, la toma de decisiones y seguimiento de la especie.</subfield>
  </datafield>
  <datafield tag="650" ind1=" " ind2="4">
    <subfield code="a">Photinus extensus</subfield>
    <subfield code="x">Conservaci&#xF3;n</subfield>
    <subfield code="9">191186</subfield>
  </datafield>
  <datafield tag="650" ind1=" " ind2="4">
    <subfield code="a">Photinus extensus</subfield>
    <subfield code="x">Fisiolog&#xED;a y morfolog&#xED;a</subfield>
    <subfield code="9">191188</subfield>
  </datafield>
  <datafield tag="650" ind1=" " ind2="4">
    <subfield code="a">Photinus extensus</subfield>
    <subfield code="x">H&#xE1;bitos y conducta</subfield>
    <subfield code="9">191187</subfield>
  </datafield>
  <datafield tag="700" ind1="1" ind2=" ">
    <subfield code="a">Aguilar Valdez, Beatriz Cecilia</subfield>
    <subfield code="9">190689</subfield>
    <subfield code="e">director.</subfield>
  </datafield>
  <datafield tag="700" ind1="1" ind2=" ">
    <subfield code="a">Ugalde Lezama, Sa&#xFA;l</subfield>
    <subfield code="9">187324</subfield>
    <subfield code="e">secretario.</subfield>
  </datafield>
  <datafield tag="700" ind1="1" ind2=" ">
    <subfield code="a">M&#xE9;ndez Montiel, Jos&#xE9; Tulio</subfield>
    <subfield code="9">76543</subfield>
    <subfield code="e">vocal.</subfield>
  </datafield>
  <datafield tag="700" ind1="1" ind2=" ">
    <subfield code="a">Becerra Moreno, Antonio</subfield>
    <subfield code="9">11146</subfield>
    <subfield code="e">suplente.</subfield>
  </datafield>
  <datafield tag="700" ind1="1" ind2=" ">
    <subfield code="a">Hern&#xE1;ndez Acosta, Elizabeth</subfield>
    <subfield code="9">53773</subfield>
    <subfield code="e">suplente.</subfield>
  </datafield>
  <datafield tag="856" ind1=" " ind2=" ">
    <subfield code="u">http://10.13.5.2/tesis/tl/1511905-8_PALMA_SUAREZ_ZAIRAMARLENE.pdf</subfield>
    <subfield code="z">DESCARGAR PDF</subfield>
  </datafield>
  <datafield tag="942" ind1=" " ind2=" ">
    <subfield code="2">Clasificaci&#xF3;n Universidad Aut&#xF3;noma Chapingo</subfield>
    <subfield code="c">TD</subfield>
  </datafield>
  <datafield tag="999" ind1=" " ind2=" ">
    <subfield code="c">220819</subfield>
    <subfield code="d">220819</subfield>
  </datafield>
  <datafield tag="952" ind1=" " ind2=" ">
    <subfield code="0">0</subfield>
    <subfield code="1">0</subfield>
    <subfield code="2">local</subfield>
    <subfield code="4">0</subfield>
    <subfield code="5">1</subfield>
    <subfield code="7">0</subfield>
    <subfield code="8">TesDigL</subfield>
    <subfield code="a">BD</subfield>
    <subfield code="b">BD</subfield>
    <subfield code="c">E_L</subfield>
    <subfield code="d">2025-08-15</subfield>
    <subfield code="l">0</subfield>
    <subfield code="o">Tesis digital</subfield>
    <subfield code="r">2025-08-15 15:14:17</subfield>
    <subfield code="w">2025-08-15</subfield>
    <subfield code="y">TD</subfield>
  </datafield>
</record>
